Contra la incontinència urbana : reconsideració moral de l'arquitectura i la ciutat / Oriol Bohigas reconsideració moral de l'arquitectura i la ciutat / Oriol Bohigas
ISBN:
84-7794-693-0
Descripción Física:
252 p. : il., fot. ; 24 cm
Colección:
Espai públic urbà ; 8
MARC
| LEADER | 00000nam a2200000Ia 4500 | ||
|---|---|---|---|
| 001 | 13418 | ||
| 008 | 160829s9999 xx 000 0 cat d | ||
| 020 | |a 84-7794-693-0 | ||
| 080 | |a B-2-63 | ||
| 100 | 1 | |a Bohigas, Oriol, |d 1925-2021 |9 1591 | |
| 245 | |a Contra la incontinència urbana : |b reconsideració moral de l'arquitectura i la ciutat / Oriol Bohigas | ||
| 260 | |a Barcelona : |b Institut d'Edicions de la Diputació de Barcelona, cop. 2004 | ||
| 300 | |a 252 p. : |b il., fot. ; |c 24 cm | ||
| 490 | |a Espai públic urbà ; 8 | ||
| 590 | |a A la portada: Diputació de Barcelona, Xarxa de Municipis, Àrea d'Infraestructures, Urbanisme i Habitatge. | ||
| 590 | |a Inclou índex de noms | ||
| 650 | |a Arquitectura moderna |x S. XX |x Filosofia |9 23718 | ||
| 650 | |a Urbanisme |x S. XX |9 23719 | ||
| 901 | |a Arxiu | ||
| 942 | |n 1 | ||
| 952 | |0 0 |1 0 |4 0 |6 B263 |7 1 |9 42824 |a Arxiu |b Arxiu |d 2016-12-01 |l 0 |o B-2-63 |p 13418 |r 2016-12-01 00:00:00 |w 2016-12-01 |y ARXIU | ||
| 999 | |c 45330 |d 45330 | ||